Hospodářská politika Trumpovy administrativy jako kontroverzní faktor změn globalizační dynamiky
Základné črty globalizácie a jej fázy. Diskusia o kríze globalizácie v období 2008-2009. Analýza novej hospodárskej politiky D.Trumpa a jej relevancia ku globalizácii.
Salvato in:
| Autore principale: | |
|---|---|
| Natura: | Capitolo di libro |
| Lingua: | ceco |
| Soggetti: | |
| Tags: |
Nessun Tag, puoi essere il primo ad aggiungerne!!
|
MARC
| LEADER | 00000nla a2200000 4500 | ||
|---|---|---|---|
| 001 | 0238502 | ||
| 005 | 20220725113021.6 | ||
| 041 | 0 | |a cze | |
| 044 | |a SK | ||
| 245 | 1 | 0 | |a Hospodářská politika Trumpovy administrativy jako kontroverzní faktor změn globalizační dynamiky |c Pavel Neumann |
| 520 | |a Základné črty globalizácie a jej fázy. Diskusia o kríze globalizácie v období 2008-2009. Analýza novej hospodárskej politiky D.Trumpa a jej relevancia ku globalizácii. | ||
| 610 | 2 | 0 | |a politika hospodárska |
| 610 | 2 | 0 | |a globalizácia |
| 610 | 2 | 0 | |a politika medzinárodná |
| 610 | 2 | 0 | |a USA |
| 610 | 2 | 0 | |a kríza |
| 100 | 1 | |a Neumann, Pavel | |